Las democracias contemporáneas: un estudio comparativo

Guardat en:
Dades bibliogràfiques
Autor principal: Lijphart, Arend (autor)
Format: Llibre
Idioma:espanyol
Publicat: Barcelona Ariel 1987
Edició:1a. ed
Col·lecció:Ariel Ciencia Politica
Matèries:
Etiquetes: Afegir etiqueta
Sense etiquetes, Sigues el primer a etiquetar aquest registre!

MARC

LEADER 00000cam a2200000 a 4500
001 UCT8174
003 CL-VaPUC
008 970318e19870000SP |||||||||||||||||spa|d
020 |a 8434416816 
082 0 4 |a 321.8  |b LIJ  |2 21 
100 |a Lijphart, Arend  |e autor  |9 553301 
245 1 4 |a Las democracias contemporáneas: un estudio comparativo 
250 |a 1a. ed 
300 |a 255 p 
942 |c BK 
945 |d 19970318 00:00:00  |a rbrito 
260 |a Barcelona  |b Ariel  |c 1987 
650 0 |a Democracia  |9 255256 
650 0 |a Política  |9 255312 
650 0 |a Partidos políticos  |9 254999 
650 0 |a Historia  |9 255047 
650 0 |a Elecciones  |9 254997 
650 7 |a CRISIS POLITICA  |2 CL-VaPUC  |9 327740 
583 |a last modification  |c 20190823 11:14:02  |k Rodrigo Vera 
490 0 |a Ariel Ciencia Politica 
999 |c 256699  |d 256697 
952 |0 0  |1 0  |3 erb  |4 0  |6 321_800000000000000_LIJ_1987  |7 0  |8 A  |9 279571  |a BIBHIS  |b BIBDER  |i 5038383  |l 1  |m 3  |o 321.8 LIJ 1987  |p 5038383  |q 2025-12-31  |r 2023-01-25  |s 2021-07-28  |w 2019-11-19  |y BK  |z Catalogado en:20140717  |k HIS